000 00326nam a2200121Ia 4500
008 190802s9999 xx 000 0 und d
020 _a13:978-81-8473-577-2
100 _aRichard A.Harvey
245 0 _aLippincott's Illustrated Reviews Microbiology
260 _aIndia
_bWolters Kluwer
_c2014
300 _a438:p
942 _cBK
999 _c2282
_d2282